LEADER 00871cam0 22002651 450 001 SOBE00021738 005 20150520074625.0 100 $a20120123d1991 |||||ita|0103 ba 101 $aeng 102 $aGB 200 1 $aTeaching Writing Skills$fDonn Byrne 210 $aLondon$aNew York$cLongman$d1991 215 $aV, 154 p.$d25 cm 225 2 $aLongmann Handbook for Language Teacher 410 1$1001SOBE00020787$12001 $a*Longmann Handbook for Language Teacher 700 1$aByrne$b, Donn$3A600200042391$4070$0438806 801 0$aIT$bUNISOB$c20150520$gRICA 850 $aUNISOB 852 $aUNISOB$j820$m76936 912 $aSOBE00021738 940 $aM 102 Monografia moderna SBN 941 $aM 957 $a820$b001438$gSI$d76936$1rovito$2UNISOB$3UNISOB$420120123161340.0$520120123161356.0$6rovito 996 $aTeaching writing skills..$9936320 997 $aUNISOB LEADER 06663nam 22008655 450 001 9910164339003321 005 20250603135104.0 010 $a9783319224619 010 $a3319224611 024 7 $a10.1007/978-3-319-22461-9 035 $a(CKB)3780000000096452 035 $a(SSID)ssj0001656767 035 $a(PQKBManifestationID)16438884 035 $a(PQKBTitleCode)TC0001656767 035 $a(PQKBWorkID)14986281 035 $a(PQKB)11649624 035 $a(DE-He213)978-3-319-22461-9 035 $a(MiAaPQ)EBC5586415 035 $a(Au-PeEL)EBL5586415 035 $a(OCoLC)942030856 035 $a(oapen)https://directory.doabooks.org/handle/20.500.12854/38863 035 $a(PPN)192222457 035 $a(ScCtBLL)b842547d-37e5-461b-8d12-4803c3e99e6f 035 $a(OCoLC)1163815398 035 $a(ODN)ODN0010067424 035 $a(oapen)doab38863 035 $a(EXLCZ)993780000000096452 100 $a20160224d2016 u| 0 101 0 $aeng 135 $aurnn#008mamaa 181 $ctxt 182 $cc 183 $acr 200 10$aBiodiversity Conservation and Phylogenetic Systematics $ePreserving our evolutionary heritage in an extinction crisis /$fedited by Roseli Pellens, Philippe Grandcolas 205 $a1st ed. 2016. 210 $aCham$cSpringer Nature$d2016 210 1$aCham :$cSpringer International Publishing :$cImprint: Springer,$d2016. 215 $a1 online resource (XVII, 390 p. 79 illus.) 225 1 $aTopics in Biodiversity and Conservation,$x1875-1296 ;$v14 300 $aBibliographic Level Mode of Issuance: Monograph 311 08$a9783319224602 311 08$a3319224603 327 $aPhylogenetics and conservation biology: drawing a path into the diversity of life -- The value of phylogenetic diversity -- The PD phylogenetic diversity framework: linking evolutionary history to feature diversity for biodiversity conservation -- Reconsidering the loss of evolutionary history: how does non-random extinction prune the tree-of-life?- Phylogenetics and conservation in New Zealand: the long and the short of it -- What is the meaning of extreme phylogenetic diversity? The case of phylogenetic relict species -- Using phylogenetic dissimilarities among sites for biodiversity assessments and conservation -- Phylogenetic diversity measures and their decomposition: a framework based on hill numbers -- Split diversity: measuring and optimizing biodiversity using phylogenetic split networks -- The rarefaction of phylogenetic diversity: formulation, extension and application -- Support in area prioritization using phylogenetic information -- Assessing hotspots of evolutionary history with data from multiple phylogenies: an analysis of endemic clades from New Caledonia -- Representing hotspots of evolutionary history in systematic conservation planning for European mammals -- Priorities for conservation of the evolutionary history of amphibians in the cerrado -- Global spatial analyses of phylogenetic conservation priorities for aquatic mammals -- Metapopulation capacity meets evolutionary distinctness: spatial fragmentation complements phylogenetic rarity in prioritization. - Patterns of species, phylogenetic and mimicry diversity of clearwing butterflies in the Neotropics -- Conservation of phylogenetic diversity in Madagascar?s largest endemic plant family, Sarcolaenaceae -- The future of phylogenetic systematics in conservation biology: linking biodiversity and society. 330 $aPhylogenetic diversity is now a key concept for biodiversity conservation due to its link to option value, evolutionary potential and to the possibility of guiding conservation across scales. Present facilities for obtaining molecular sequences and metagenomes are powering this research field, rendering available detailed information of phylogenetic diversity for a wide taxonomic sample in a short time frame. Along with modern methods of Systematic Conservation Planning this will certainly contribute to more explicit identification of conservation priorities and options. This book brings an updated state of the art of phylogenetic diversity in conservation biology. Nineteen chapters written by scientists from research institutions of fourteen countries demonstrate that approaches for preserving the evolutionary heritage are now very tuned into human impacts and sustainability issues. The questions, methods and applications around which it is organized show the importance of phylogenetic diversity in avoiding biodiversity losses in the present extinction crisis. They touch important points such as the way we value phylogenetic diversity, the importance of thinking at a much wider sample of the Tree of Life, the choice of adequate measures. In methods section, new solutions, such as dealing with abundances, sampling effort, or with information coming from conflicting phylogenetic trees are provided. Application section includes study cases of different groups of organi sms, such as mammals, amphibians, butterflies and plants, in aquatic and terrestrial ecosystems, showing that phylogenetic diversity can be applied in a very wide range of situations, including as a way for predicting conservation status of species. This highlights the interest of this book not only for students and scientists of related disciplines but also for stakeholders and policy-makers working on the implementation of global, regional, and local agendas for biodiversity conservation. 410 0$aTopics in Biodiversity and Conservation,$x1875-1296 ;$v14 606 $aBiodiversity 606 $aConservation biology 606 $aEcology 606 $aPlants$xEvolution 606 $aEvolution (Biology) 606 $aBiodiversity 606 $aConservation Biology 606 $aPlant Evolution 606 $aEvolutionary Theory 615 0$aBiodiversity. 615 0$aConservation biology. 615 0$aEcology. 615 0$aPlants$xEvolution. 615 0$aEvolution (Biology) 615 14$aBiodiversity. 615 24$aConservation Biology. 615 24$aPlant Evolution. 615 24$aEvolutionary Theory. 676 $a577 686 $aNAT011000$aSCI011000$aSCI020000$aSCI070000$2bisacsh 700 $aPellens$b Roseli$4edt$01344305 702 $aPellens$b Roseli$4edt$4http://id.loc.gov/vocabulary/relators/edt 702 $aGrandcolas$b Philippe$4edt$4http://id.loc.gov/vocabulary/relators/edt 801 0$bMiAaPQ 801 1$bMiAaPQ 801 2$bMiAaPQ 906 $aBOOK 912 $a9910164339003321 996 $aBiodiversity Conservation and Phylogenetic Systematics$93358871 997 $aUNINA